000 00247nam a22001097a 4500
008 170111b xxu||||| |||| 00| 0 eng d
020 _a0838511279
041 _aeng
080 _a618.2
245 _aTHE CLINICAL FIELD
_cREILLY, D.E
942 _2udc
_cBK
999 _c2725
_d2725